| 000 | 00904cam a22002532 4500 | ||
|---|---|---|---|
| 001 | 0000003663 | ||
| 005 | 20151217151928.0 | ||
| 008 | 070511s xx 000 0 eng d | ||
| 020 | _a020532147X : | ||
| 040 |
_aKABU _cKABU |
||
| 050 | 0 |
_aLC1201 _b.T43 2001 |
|
| 245 | 1 | 0 |
_aTeaching students with special needs in inclusive settings / _cTom E. C. Smith ... [et al.] |
| 250 | _a3rd ed. | ||
| 260 |
_aBoston : _bAllyn and Bacon, _cc2001. |
||
| 300 |
_axv, 560 p. : _bill. (some col.) ; _c26 cm. |
||
| 504 | _aIncludes bibliographical references and indexes. | ||
| 650 | 0 |
_aInclusive education _zUnited States. _@0000153729 |
|
| 650 | 0 |
_aSpecial education _zUnited States. _@0000153730 |
|
| 650 | 0 |
_aHandicapped children _xEducation _zUnited States. _@0000153731 |
|
| 700 | 1 |
_aSmith, Tom E. C. _@0000153732 |
|
| 908 | _a070511 | ||
| 950 | _@1 | ||
| 999 |
_c6439 _d6439 |
||